| 000 | 00351nam a2200133Ia 4500 | ||
|---|---|---|---|
| 008 | 260604s9999 xx 000 0 und d | ||
| 020 | _a9781292409719 | ||
| 082 | _a337 KRU | ||
| 100 |
_aKRUGMAN [PAUL R.] _935557 |
||
| 245 | 0 | _aINTERNATIONAL ECONOMICS 12TH ED: THEORY AND POLICY | |
| 260 | _bPEARSON | ||
| 500 | _aInternational Economics | ||
| 942 | _cBK | ||
| 999 |
_c8379 _d8379 |
||